logo

Bir Sreshtho Munshi Abdur Rouf Library
Jhenaidah Cadet College

Elements of Economics / (Record no. 5128)

MARC details
000 -LEADER
fixed length control field 00532nam a2200217 a 4500
001 - CONTROL NUMBER
JCCL Control Number 5128
003 - CONTROL NUMBER IDENTIFIER
JCCL marc code BD-JhCC
005 - DATE AND TIME OF LATEST TRANSACTION
control field 20171209171001.0
008 - FIXED-LENGTH DATA ELEMENTS--GENERAL INFORMATION
fixed length control field 171209s1966 b ||||| |||| 00| 0 eng d
035 ## - SYSTEM CONTROL NUMBER
system control number (BD-JhCC)
040 ## - CATALOGING SOURCE
Original cataloging agency BD-JhCC
Modifying agency BD-JhCC
041 ## - LANGUAGE CODE
Language code of Book eng
082 ## - DEWEY DECIMAL CLASSIFICATION NUMBER
Classification number 330.1
Author mark and Year KHA 1966
100 ## - MAIN ENTRY--PERSONAL NAME
Personal name Khan, M. A. Jalil,
245 ## - TITLE STATEMENT
Title Elements of Economics /
Statement of responsibility, etc M. A. Jalil Khan
260 ## - PUBLICATION, DISTRIBUTION, ETC. (IMPRINT)
Place of publication, distribution, etc Dacca :
Name of publisher, distributor, etc Mullick Brothers,
Date of publication, distribution, etc 1966
300 ## - PHYSICAL DESCRIPTION
Pagination 440 p. :
Dimensions 22cm.
650 ## - SUBJECT ADDED ENTRY--TOPICAL TERM
Topical term or geographic name as entry element Economics
942 ## - ADDED ENTRY ELEMENTS (KOHA)
Source of classification or shelving scheme Dewey Decimal Classification
Koha item type Books
Holdings
Source of classification or shelving scheme Damaged status Not for loan Home library Current library Shelving location Date of accession Total Checkouts Full call number Barcode Date last seen Copy number Koha item type
Dewey Decimal Classification     JCC Rouf Library JCC Rouf Library General Stacks 12/09/2017   330.1 KHA 1966 7087 12/09/2017 C-1 Books

JCC Library | Contacts | JCC Home

Last Update on 23 September 2017
Copyright @ 2017-2020 JCC Rouf Library
Rouf Library, Jhenidah Cadet College (JCC), Bangladesh